00265nam a2200109Ia 4500008004000000020001800040082001300058100001600071245002400087260003700111300000700148210210b1985 xxu||||| |||| 00| 0 eng d a0 86125 532 1 a824 TURM aTURNER (W). aMini essays.Book 2. aHyderabadbOarient Longmanc1985 a58